| 000 | 01264cam a22004214i 4500 | ||
|---|---|---|---|
| 003 | PE-LiUPU | ||
| 005 | 20250731173243.0 | ||
| 008 | 150625s r 000 0 d | ||
| 035 | _a(Sirsi) a35362 | ||
| 040 |
_aPE-LiUPU _bspa _cPE-LiUPU _erda |
||
| 082 | 0 | 4 |
_a296.3 _bA325m _223 |
| 100 | 1 |
_aAlba Cecilia, Amparo, _eautor. |
|
| 245 | 1 | 0 |
_aMidrás de los diez mandamientos y el pecio de la salvación / _cAmparo Alba Cecilia. |
| 264 | 1 |
_aValencia, España : _bBiblioteca Midrásica, _c1990. |
|
| 300 |
_a311 páginas ; _c24 centímetros. |
||
| 336 |
_atext _2rdacontent |
||
| 337 |
_aunmediated _2rdamedia |
||
| 338 |
_avolume _2rdacarrier |
||
| 490 |
_a(Biblioteca Midrásica ; _v7) |
||
| 505 | _aEl cuento en la literatura hebrea -- El Midrás de los diez mandamientos -- El libro precioso de salvación. | ||
| 526 | _aSEG42 | ||
| 526 | _aSEG41 | ||
| 526 | _aSEG40 | ||
| 526 | _aSEG39 | ||
| 526 | _aP94 | ||
| 526 | _aP87 | ||
| 526 | _aP86 | ||
| 526 | _aP85 | ||
| 526 | _aP77 | ||
| 526 | _aP76 | ||
| 526 | _aP35 | ||
| 650 | 1 | 4 |
_aDiez Mandamientos _9925 _xCrítica, interpretación, etc. |
| 942 |
_2ddc _cBK |
||
| 980 |
_81 _gALBERTO SANCHEZ Responsable de Automatización |
||
| 999 |
_c43318 _d43318 |
||